Vplyv priamych zahraničných investícií na rozvoj kreatívnej ekonomiky v Slovenskej republike

Pojem kreatívna ekonomika. Kreatívne odvetvia. Klasifikácia systémov určenia kreatívnych odvetví. Transnacionálne korporácie ako nositelia priamych zahraničných investícií do kreatívnych odvetví. Priame zahraničné investície a kreatívne odvetvia Slovenskej republiky.

Salvato in:
Dettagli Bibliografici
Autore principale: Piovarčiová, Veronika, 1951-
Altri autori: Darmo, Ľubomír, 1984-
Natura: Capitolo di libro
Lingua:slovacco
Soggetti:
Tags: Aggiungi Tag
Nessun Tag, puoi essere il primo ad aggiungerne!!

MARC

LEADER 00000naa a2200000 4500
001 0150027
005 20240502072711.3
041 0 |a slo 
044 |a SK 
245 1 0 |a Vplyv priamych zahraničných investícií na rozvoj kreatívnej ekonomiky v Slovenskej republike  |c Veronika Piovarčiová, Ľubomír Darmo 
520 |a Pojem kreatívna ekonomika. Kreatívne odvetvia. Klasifikácia systémov určenia kreatívnych odvetví. Transnacionálne korporácie ako nositelia priamych zahraničných investícií do kreatívnych odvetví. Priame zahraničné investície a kreatívne odvetvia Slovenskej republiky. 
610 2 0 |a Slovensko 
610 2 0 |a korporácie transnacionálne 
610 2 0 |a hodnota pridaná 
610 2 0 |a odvetvia činnosti ekonomickej 
610 2 0 |a investori 
610 2 0 |a kreativita 
610 2 0 |a investície priame zahraničné 
100 1 |a Piovarčiová, Veronika, 1951- 
700 1 |a Darmo, Ľubomír, 1984-